Normal view
MARC view
- Benham, P. P
Entry Personal Name
001 - CONTROL NUMBER
- control field: 40905
003 - CONTROL NUMBER IDENTIFIER
- control field: NUST
005 - DATE AND TIME OF LATEST TRANSACTION
- control field: 20210314131920.0
008 - FIXED-LENGTH DATA ELEMENTS
- fixed length control field: 210314|| aca||aabn | a|a d
040 ## - CATALOGING SOURCE
- Original cataloging agency: NUST
- Transcribing agency: NUST
100 ## - HEADING--PERSONAL NAME
- Personal name: Benham, P. P
670 ## - SOURCE DATA FOUND
- Source citation: Work cat.: (NUST): Benham, P. P., Mechanics of engineering materials /, 1987.
